000
00335nam a22001457a 4500
005
20160628153537.0
008
160628b xxu||||| |||| 00| 0 eng d
041
_a
eng
082
_b
10781
245
_a
Indias First, Kalkattas Pride
260
_b
PRD Mtro Railway Kolkatta
300
_a
66
650
_a
Management
_9
241
942
_c
BK
999
_c
4523
_d
4522